| 000 | 00910cai a22001935a 4500 | ||
|---|---|---|---|
| 001 | L143403 | ||
| 008 | 080506u xxk g 000 0 eng d | ||
| 035 | _a(Sirsi) u143403 | ||
| 041 | 0 | _aeng | |
| 110 | 2 |
_aLandmark Information Group _94113 |
|
| 245 | 0 | 0 |
_aNon-domestic energy performance certificate register _h[electronic resource] |
| 520 | _aThis website enables users to find an accredited energy assessor to undertake a Non-Domestic Energy Performance Certificate (EPC), Recommendation Report (RR), Display Energy Certificate or Advisory Report. Users can also retrieve EPCs and RRs. | ||
| 590 | _aKA | ||
| 650 | 2 | 4 | _aCOMMERCIAL ENERGY PERFORMANCE CERTIFICATES |
| 651 | 4 |
_aEngland and Wales _y1543- |
|
| 690 | _aENVIRONMENTAL AND LAND CONSULTANCY-ENERGY-ENERGY USE-ENERGY EFFICIENCY | ||
| 856 | 4 | 0 |
_uhttps://www.ndepcregister.com _zView the website free of charge at www.ndepcregister.com... |
| 942 | _n0 | ||
| 999 |
_c120661 _d120661 |
||